Human Buddy Characters - Statistics

General Stats
  • This quiz has been taken 44 times
  • The average score is 14 of 16
Answer Stats
Picture Answer % Correct
Brain
100%
Heart
100%
Kidneys
100%
Left Lung
97%
Right Lung
97%
Stomach
97%
Liver
93%
Rookie
93%
White Blood Cell
93%
Red Blood Cell
90%
Virus
87%
Intestines
83%
Pancreas
70%
Doctor
60%
Spleen
57%
MrBeast
47%
No matching quizzes found
Score Distribution
Percent of People with Each Score
Percentile by Number Answered
Your Score History
You have not taken this quiz